| 000 | 00455nam a2200193Ia 4500 | ||
|---|---|---|---|
| 008 | 150901s9999 xx 000 0 und d | ||
| 041 | _aEnglish | ||
| 082 | _a338.1 | ||
| 082 | _bSAT/IR | ||
| 100 | _aSatpathy T | ||
| 100 | _eAuthor | ||
| 245 | _aIrrigation and economic development | ||
| 260 | _aNew Delhi | ||
| 260 | _bAshish Publishing House | ||
| 260 | _c1984 | ||
| 300 | _a224 Pages | ||
| 650 | _aAgricultural economics | ||
| 942 | _cBK | ||
| 999 |
_c237653 _d237653 |
||